Địa lý du lịch
Nội dung đề cập đối tượng, nhiệm vụ và phương pháp nghiên cứu địa lý du lịch; phân tích các nhân tố ảnh hưởng đến sự hình thành và phát triển du lịch; tổ chứ lãnh thổ du lịch; địa lý du lịch Việt Nam...
Spremljeno u:
| Daljnji autori: | , , , , |
|---|---|
| Format: | Knjiga |
| Jezik: | Vietnamese |
| Izdano: |
TP Hồ Chí Minh
Nxb. TP Hồ Chí MInh
1999
|
| Teme: | |
| Oznake: |
Dodaj oznaku
Bez oznaka, Budi prvi tko označuje ovaj zapis!
|
| Thư viện lưu trữ: | Thư viện Trường Đại học Nam Cần Thơ |
|---|
| LEADER | 01204nam a22002417a 4500 | ||
|---|---|---|---|
| 001 | NCT_94323 | ||
| 008 | 211210b xxu||||| |||| 00| 0 vie d | ||
| 999 | |c 4678 |d 4678 | ||
| 020 | |c 40000 | ||
| 082 | 0 | 4 | |2 23rd ed. |a 915.97 |b Đ301L |
| 245 | 0 | 0 | |a Địa lý du lịch |c Nguyễn Minh Tuệ...[et al.] |
| 260 | |a TP Hồ Chí Minh |b Nxb. TP Hồ Chí MInh |c 1999 | ||
| 300 | |a 264 tr. |c 21cm | ||
| 520 | 3 | |a Nội dung đề cập đối tượng, nhiệm vụ và phương pháp nghiên cứu địa lý du lịch; phân tích các nhân tố ảnh hưởng đến sự hình thành và phát triển du lịch; tổ chứ lãnh thổ du lịch; địa lý du lịch Việt Nam | |
| 653 | |a Quản trị DV Du lịch và Lữ hành | ||
| 700 | 1 | |a Nguyễn Minh Tuệ | |
| 700 | 1 | |a Vũ Tuấn Cảnh | |
| 700 | 1 | |a Lê Thông | |
| 700 | 1 | |a Phạm Xuân Hậu | |
| 700 | 1 | |a Nguyễn Kim Hồng | |
| 942 | |2 ddc |c BK | ||
| 952 | |0 0 |1 0 |2 ddc |4 0 |6 915_970000000000000_Đ301L |7 0 |9 21836 |a 000001 |b 000001 |d 2021-12-10 |o 915.97 Đ301L |p MD.18572 |r 2021-12-10 |v 40000.00 |w 2021-12-10 |y BK | ||
| 980 | |a Thư viện Trường Đại học Nam Cần Thơ | ||